01526nam a2200373Ia 4500001001200000003000800012006001900020007001500039008004100054010001700095020004000112020003500152020001800187020001800205040002100223035002000244050002600264082001900290245015800309260005200467300001600519490005600535504004100591533015200632650004600784650002200830655002900852700002800881700002600909710001700935830005700952856012601009999001701135ebr10579171CaPaEBRm u cr cn|||||||||050817s2006 nyu sb 000 0 eng d z 2005023939 z0791467791 (hardcover : alk. paper) z0791467805 (pbk. : alk. paper) z9780791467794 z9780791481622 aCaPaEBRcCaPaEBR a(OCoLC)7087047914aPJ5191.E5bL34 2006eb04a839/.1200822200aLandmark Yiddish playsh[electronic resource] :ba critical anthology /cedited, translated and with an introduction by Joel Berkowitz and Jeremy Dauber. aAlbany :bState University of New York,cc2006. avii, 356 p.1 aSUNY series in modern Jewish literature and culture aIncludes bibliographical references. aElectronic reproduction.bPalo Alto, Calif. :cebrary,d2013.nAvailable via World Wide Web.nAccess may be limited to ebrary affiliated libraries. 0aYiddish dramavTranslations into English. 0aTheater, Yiddish. 7aElectronic books.2local1 aBerkowitz, Joel,d1965-1 aDauber, Jeremy Asher.2 aebrary, Inc. 0aSUNY series in modern Jewish literature and culture.40uhttp://site.ebrary.com/lib/rucke/Doc?id=10579171zAn electronic book accessible through the World Wide Web; click to view c85715d85715